000 00395nam a2200169Ia 4500
008 230917s9999||||xx |||||||||||||| ||und||
020 _cRS150
040 _e32918
_aMAIN
041 _aEnglish
082 _a512.5 H674L
100 _aHoffman, Kenneth
245 0 _aLinear algebra
250 _a2nd ed.
260 _aNew Delhi
_bPrentice Hall
_c2000
300 _aviii, 407 p.
942 _cBK
999 _c106103
_d106103